تدريس الاملاء العربى لمتعلمى اللغة العربية الاجانب
Saved in:
| Main Author: | |
|---|---|
| Other Authors: | , |
| Format: | Thesis |
| Language: | Arabic |
| Published: |
خرطوم
: معهد خرطوم دولى غة عربية،
1983
|
| Subjects: | |
| Tags: |
Add Tag
No Tags, Be the first to tag this record!
|
| LEADER | 015450000a22003610004500 | ||
|---|---|---|---|
| 001 | 46047 | ||
| 005 | 20091201114200.0 | ||
| 008 | 921104s1983 ara | ||
| 035 | |a 205936 | ||
| 035 | |a (Sirsi) 46047 | ||
| 040 | |a UIAM |b eng | ||
| 049 | |b m | ||
| 050 | |a PJ6131 | ||
| 100 | 1 | |a أحمد، مصطفى هادى | |
| 245 | 1 | 0 | |a تدريس الاملاء العربى لمتعلمى اللغة العربية الاجانب |
| 246 | 0 | 0 | |a Tadris al-imla' al-'Arabi li-muta'allimi al-lughah al-'Arabiyah al-ajanib / |c i'dad Mustafa al-Hadi Ahmad; ishraf Muhammad al-Tayyib 'Abd Allah wa al-Amin Salih Abu al-Yamn |
| 260 | 1 | |a خرطوم |b : معهد خرطوم دولى غة عربية، |c 1983 | |
| 300 | |a 96 p. | ||
| 502 | |a M.A. - Ma'had al-Khurtum al-Dawli lil-Lughat al-'Arabiyah, 1983 | ||
| 533 | |a Photocopy | ||
| 596 | |a 1 | ||
| 650 | 8 | |a لغة عربية |x قواعد املاء و هجاء | |
| 650 | 8 | |a رسالة جامعية | |
| 650 | 0 | |a Arabic language |x Morphology | |
| 650 | 0 | |a Arabic language |x Study and teaching Foreign students | |
| 655 | 0 | 7 | |a Theses, non-IIUM |
| 700 | 0 | |a خرطوم معهد خرطوم دولى غة عربية | |
| 700 | 1 | |a Ahmad, Mustafa al-Hadi | |
| 710 | 1 | |a Ma'had al-Khartum al-Dawli lil-Lughah al-'Arabiyah | |
| 710 | 2 | |a Munazzamah al-'Arabiyah lil-Tarbiyah wa-al-Thaqafah wa-al-'Ulum | |
| 900 | |a checked a r r 160895 | ||
| 999 | |c 429908 |d 461399 | ||
| 952 | |0 0 |6 T PJ 006131 A286T |7 0 |8 THESES |9 748818 |a IIUM |b IIUM |c MULTIMEDIA |g 0.00 |o t PJ6131A286T |p 00000205938 |r 2017-10-20 |t 1 |v 0.00 |y THESIS | ||
